Statistics for Decipher 25 Countries Without Vowels #3

Click here to take the quiz!

General Stats

  • This quiz has been taken 191 times
  • The average score is 24 of 25

Answer Stats

LettersCountries% Correct
H_NG_R_Hungary
100%
S_NG_P_R_Singapore
100%
V_N_Z_ _L_Venezuela
100%
C_MB_D_ _Cambodia
99%
F_J_Fiji
99%
P_L_NDPoland
99%
SW_D_NSweden
99%
T_ _W_NTaiwan
99%
B_L_R_SBelarus
98%
DJ_B_ _T_Djibouti
98%
R_SS_ _Russia
98%
M_N_C_Monaco
97%
G_Y_N_Guyana
96%
_LB_N_ _Albania
95%
K_R_B_T_Kiribati
95%
M_ _R_T_ _SMauritius
95%
T_V_L_Tuvalu
95%
G_ _RG_ _Georgia
94%
_ND_ _India
94%
_NG_L_Angola
93%
BR_N_ _Brunei
92%
N_ _R_Nauru
92%
_ST_N_ _Estonia
91%
_TH_ _P_ _Ethiopia
90%
_T_L _Italy
89%

Score Distribution

Percentile by Number Answered

Percent of People with Each Score

Your Score History

You have not taken this quiz